La basoche [ (Record no. 169002)

MARC details
000 -LEADER
campo de control de longitud fija 00709nam a22001935i 4500
001 - NÚMERO DE CONTROL
campo de control 169002
003 - IDENTIFICADOR DE NÚMERO DE CONTROL
campo de control ES-MaACL
005 - FECHA Y HORA DE LA ÚLTIMA TRANSACCIÓN
campo de control 20230906213947.0
008 - DATOS DE LONGITUD FIJA--INFORMACIÓN GENERAL
campo de control de longitud fija 080722s1890 fr |||| | fre d
080 ## - NÚMERO DE LA CLASIFICACIÓN DECIMAL UNIVERSAL
Número de la Clasificación Decimal Universal 782.089.6
100 1# - ENTRADA PRINCIPAL--NOMBRE DE PERSONA
Nombre de persona Messager, André.
9 (RLIN) 137967
240 13 - TÍTULO UNIFORME
Título uniforme La basoche.
Medio Partitura de coro
245 13 - MENCIÓN DEL TÍTULO
Título La basoche [
Medio música impresa]
Resto del título : opéra comique en trois actes /
Mención de responsabilidad, etc. de Albert Carré ; musique de André Messager.
260 ## - PUBLICACIÓN, DISTRIBUCIÓN, ETC.
Lugar de publicación, distribución, etc. Paris :
Nombre del editor, distribuidor, etc. Choudens Fils,
Fecha de publicación, distribución, etc. [1890]
300 ## - DESCRIPCIÓN FÍSICA
Extensión 1 partitura de coro (183 p.) ;
Dimensiones 18 cm.
650 #4 - PUNTO DE ACCESO ADICIONAL DE MATERIA--TÉRMINO DE MATERIA
Término de materia o nombre geográfico como elemento de entrada Óperas-
Subdivisión general Partituras de coro.
9 (RLIN) 137579
700 1# - ENTRADA AGREGADA--NOMBRE PERSONAL
Nombre de persona Carré, Albert.
9 (RLIN) 35593
852 4# - LOCALIZACIÓN
Ubicación ES-MaACL
Número de control de estantería E-12102
itemnumber R.140000
Nota libre Biblioteca Jacinto Martínez Lacalle
Holdings
Estatus retirado Estado de pérdida Fuente del sistema de clasificación o colocación Estado de daño No para préstamo Colección Biblioteca de origen Biblioteca actual Ubicación en estantería Fecha de adquisición Total de préstamos Signatura topográfica completa Código de barras Visto por última vez Precio de reemplazo Tipo de ítem Koha
    Clasificación decimal universal     Libros del s. XIX Biblioteca del Ateneo de Madrid Biblioteca del Ateneo de Madrid Depósito 2 22/07/2008   E-12102 1177377 23/02/2023 23/02/2023 Partitura